Scientific Computing An Introductory Survey (Record no. 24752)

000 -LEADER
fixed length control field 00469nam a22001577a 4500
003 - CONTROL NUMBER IDENTIFIER
control field NUST
008 - FIXED-LENGTH DATA ELEMENTS--GENERAL INFORMATION
fixed length control field 150326b xxu||||| |||| 00| 0 eng d
020 ## - INTERNATIONAL STANDARD BOOK NUMBER
International Standard Book Number 139781259002281
Terms of availability Available
038 ## - RECORD CONTENT LICENSOR
Staff Name Nusrat Nadeem
082 ## - DEWEY DECIMAL CLASSIFICATION NUMBER
Classification number 519.0283 HEA
245 ## - TITLE STATEMENT
Title Scientific Computing An Introductory Survey
Statement of responsibility, etc. Heath Michael T
Medium English
250 ## - EDITION STATEMENT
Edition statement 2nd, Indian Edition
260 ## - PUBLICATION, DISTRIBUTION, ETC.
Place of publication, distribution, etc. New Delhi (India)
Name of publisher, distributor, etc. Tata McGraw-Hill
Date of publication, distribution, etc. 2011
538 ## - SYSTEM DETAILS NOTE
Display text Supercomputing Lab
942 ## - ADDED ENTRY ELEMENTS (KOHA)
Source of classification or shelving scheme
Koha item type Book
Holdings
Withdrawn status Lost status Source of classification or shelving scheme Damaged status Not for loan Permanent Location Current Location Shelving location Date acquired Total Checkouts Full call number Barcode Date last seen Price effective from Koha item type
          School of Interdisciplinary Engineering and Sciences (SINES) School of Interdisciplinary Engineering and Sciences (SINES) General Stacks 03/26/2015   519.0283 HEA RCMS002823 03/26/2015 03/26/2015 Book
© 2023 Central Library, National University of Sciences and Technology. All Rights Reserved.